000 00264nam a22001217a 4500
008 181023b xxu||||| |||| 00| 0 eng d
041 _aeng
080 _24 ED
_a070
100 _a27
101 _aMED
245 _aConvering Media
_cPavlik.J.V
942 _2udc
_cBK
999 _c50605
_d50605